<?xml version="1.0" encoding="UTF-8"?>
<record
    xmlns:xsi="http://www.w3.org/2001/XMLSchema-instance"
    xsi:schemaLocation="http://www.loc.gov/MARC21/slim http://www.loc.gov/standards/marcxml/schema/MARC21slim.xsd"
    xmlns="http://www.loc.gov/MARC21/slim">

  <leader>01125nam a22001817a 4500</leader>
  <controlfield tag="008">140924b        xxu||||| |||| 00| 0 eng d</controlfield>
  <datafield tag="020" ind1=" " ind2=" ">
    <subfield code="a">9781405734394</subfield>
  </datafield>
  <datafield tag="050" ind1=" " ind2=" ">
    <subfield code="a">KD310.H3411</subfield>
  </datafield>
  <datafield tag="245" ind1=" " ind2=" ">
    <subfield code="a">Halsbury's laws of England : European Communities (parts 12 to 21), vol. 52. /</subfield>
    <subfield code="c">edited by Lord Mackay.</subfield>
  </datafield>
  <datafield tag="250" ind1=" " ind2=" ">
    <subfield code="a">4th ed.</subfield>
  </datafield>
  <datafield tag="260" ind1=" " ind2=" ">
    <subfield code="a">London :</subfield>
    <subfield code="b">Butterworths ,</subfield>
    <subfield code="c">2013.</subfield>
  </datafield>
  <datafield tag="300" ind1=" " ind2=" ">
    <subfield code="a">1452p. :</subfield>
    <subfield code="c">25cm.</subfield>
  </datafield>
  <datafield tag="440" ind1=" " ind2=" ">
    <subfield code="p">European Communities (parts 12 to 21)</subfield>
    <subfield code="v">vol. 52</subfield>
  </datafield>
  <datafield tag="500" ind1=" " ind2=" ">
    <subfield code="a">Includes index.</subfield>
  </datafield>
  <datafield tag="505" ind1=" " ind2=" ">
    <subfield code="a">Contents: The communities -- The court of justice -- Application of community law in national courts -- External relations -- Economic and monetary policy -- Industrial policy and internal markets -- State aids and regional policy -- Environment and consumers -- Coal and steel -- Energy other than from coal -- Undertakings -- Customs -- Agriculture -- Fisheries -- Freedom of movement for workers -- Rights of establishments and freedom to provide services -- Freedom of movement of capital -- Transport -- Competition -- Taxation -- Social policy -- Glossary -- Index.</subfield>
  </datafield>
  <datafield tag="700" ind1=" " ind2=" ">
    <subfield code="a">Mackay, Lord.</subfield>
  </datafield>
  <datafield tag="942" ind1=" " ind2=" ">
    <subfield code="2">lcc</subfield>
    <subfield code="c">BK</subfield>
  </datafield>
  <datafield tag="999" ind1=" " ind2=" ">
    <subfield code="c">5245</subfield>
    <subfield code="d">12745</subfield>
  </datafield>
  <datafield tag="952" ind1=" " ind2=" ">
    <subfield code="0">0</subfield>
    <subfield code="1">0</subfield>
    <subfield code="2">lcc</subfield>
    <subfield code="4">0</subfield>
    <subfield code="7">0</subfield>
    <subfield code="8">NFIC</subfield>
    <subfield code="a">WIUC-1</subfield>
    <subfield code="b">WIUC-1</subfield>
    <subfield code="c">LL</subfield>
    <subfield code="d">2014-09-24</subfield>
    <subfield code="l">0</subfield>
    <subfield code="o">KD310.H3411</subfield>
    <subfield code="p">1076/66/14</subfield>
    <subfield code="r">2014-09-24 00:00:00</subfield>
    <subfield code="t">1</subfield>
    <subfield code="w">2014-09-24</subfield>
    <subfield code="y">BK</subfield>
  </datafield>
</record>
